| 000 | 00707cam a22002411 4500 | ||
|---|---|---|---|
| 001 | sa 66002366 | ||
| 003 | DLC | ||
| 005 | 20260227112229.0 | ||
| 008 | 870806s1965 ii a b 000 0 eng | ||
| 010 | _asa 66002366 | ||
| 025 | _aPL480:I-E-5421 | ||
| 035 | _a(OCoLC)16396380 | ||
| 040 |
_aDLC _cWaU _dDLC |
||
| 042 | _apremarc | ||
| 050 | 0 | 0 |
_aBL1227.S68 _bT4 |
| 100 | 2 |
_aSomasundaram Pillai, J. M., _d1892- |
|
| 245 | 1 | 4 |
_aThe island shrine of Sri Ranganatha _c[by] J.M. Somasundaram. |
| 260 |
_a[Tiruchirappalli, _bSt. Joseph's Industrial School Press, _c1965] |
||
| 300 |
_a35 p. _billus. _c25 cm. |
||
| 500 | _aCover title. | ||
| 504 | _aBibliographical footnotes. | ||
| 610 | 2 | 0 | _aSrirangam Temple. |
| 999 |
_c68336 _d68336 |
||